00535 2200157 4500001002100000008004100021035002000062245010400082110004500186260006200231300003100293084001700324082001100341650001300352990001200365INLIS000000000000834 ind  a0010-0924000292 aPedoman Pengambilan Spesimen dan Pemeriksaan LaboratoriumcKementerian Kesehatan Republik Indonesia aKementerian Kesehatan Republik Indonesia aJakarta :bKementerian Kesehatan Republik Indonesiac2013 avi, 10 halaman :c20,5 cm. a610.72 KEM p a610.72 aResearch a0001086